000
00285nam a2200109Ia 4500
008
220204s9999 xx 000 0 und d
082
_a
330.34
_b
DAN
100
_a
DANDEKAR, V M
245
0
_a
Use of food surpluses fro economic development
260
_a
Poona
_b
Gokhale
_c
1956
942
_c
BK
999
_c
20065
_d
20065